| 000 | 00415nam a2200181Ia 4500 | ||
|---|---|---|---|
| 008 | 150909s9999 xx 000 0 und d | ||
| 041 | _aEnglish | ||
| 082 | _a660 | ||
| 082 | _bCAG/HA | ||
| 100 | _aCagle C V | ||
| 100 | _eEditor | ||
| 245 | _aHandbook of adhesive bonding | ||
| 260 | _aNewYork | ||
| 260 | _bMc Graw Hill Book company | ||
| 260 | _c1973 | ||
| 650 | _aChemical technology | ||
| 942 | _cBK | ||
| 999 |
_c229087 _d229087 |
||